| 000 | 04251nam a2200277Ia 4500 | ||
|---|---|---|---|
| 003 | CO-CtgCURN | ||
| 005 | 20250917232646.0 | ||
| 008 | 191015s2016 xx f 000 0 spa d | ||
| 020 | _a9789587780857 | ||
| 040 |
_aCO-CtgCURN _bspa _ccoctgcurn |
||
| 082 |
_a361.3 _bH557t |
||
| 100 |
_aHernández Aristu, Jesús _92559 _eautor |
||
| 245 | 0 |
_aTrabajo social : _bteoría y práctica / _cJesús Hernández Aristu |
|
| 260 |
_aBogotá, Colombia : _bAlfaomega, _c2018 |
||
| 300 |
_a506 páginas ; _c23 centímetros |
||
| 490 | _aManual | ||
| 500 | _aIncluye introducción, epílogo e índice | ||
| 504 | _aIncluye referencias bibliográficas (p. 473-504) | ||
| 505 | _aPte. I. Evolución del trabajo social en España: convergencia en Europa -- 1. De la educación de la base obrera europeo de Educación Superior -- Pte. II. Aproximación a una epistemología del trabajo social: implicaciones ideológicas y científicas -- 2. El trabajo social: la teoría orienta la práctica. No hay práctica sin teoría. Hacia un concepción integral de trabajo social -- 3. La cuestión de la reflexión sobre el hombre y la sociedad: marco referencia para el trabajo social. Incidencia de las corrientes filosóficas en el trabajo social -- 4. Pte. III. De la ayuda mutua a la emancipación, de la emancipación a la integración social y comunicativa. Espacio, funciones, tareas e instrumentos del trabajo social en la sociedad posindustrial -- 5. La ayuda a personas necesitadas: proceso evolutivo-social -- 6. El estado de bienestar como regulador de las políticas sociales durante la modernidad -- 7. El topos o lugar del trabajo social y sus funciones en los procesos de modernización en las sociedades industriales avanzadas -- 8. El lenguaje como instrumento del diagnóstico y de la intervención social y nexo de posibilidad entre sujeto y sociedad -- Pte. IV. Trabajo social como respuesta a los problemas y necesidades sociales -- 9. Las transformaciones sociales originan nuevas necesidades y exigen nuevos planteamientos en el trabajo social -- 10. Jóvenes: entre aumento de opciones y la exclusión social. El trabajo social como subsistema de apoyo en las transiciones -- 11. Las transformaciones del sistema familiar y los nuevos desafíos del trabajo social y de los servicios sociales -- 12. La cuestión del género en el trabajo social -- 13. La migración como objeto del trabajo social -- 14. Los mayores desde la perspectiva del trabajo social -- 15. Cohesión social versus pobreza y exclusión social: funciones del trabajo social -- Pte V. Metodología en el trabajo social : integración de la teoría y de la práctica en la acción. Planteamientos y experiencias -- 16. La metodología en el trabajo social y el trabajo social como método --17. Hacia un trabajo social integrado y en red: dos experiencias. | ||
| 520 | _aLa obra aborda la relación entre la historia del pensamiento occidental y su influencia en el trabajo social, y reflexiona en torno al objeto material y formal del trabajo social, que lo sitúan como una ciencia aplicada una ciencia de la acción dentro del catálogo inconcluso de las ciencias humanas y sociales. Presenta formas fundamentales como la relación dialéctica ayuda-poder, el estado de bienestar que aparece en la actualidad como inconcluso, por un lado, y amenazado, por otro siempre íntimamente unido al trabajo social y a los servicios sociales, y dedica especial atención a las demandas de colectivos específicos de la sociedad actual: la familia, la mujer, el fenómeno de las migraciones, las demandas de jóvenes y mayores, la pobreza y la exclusión social. En su parte final se adentra en el aspecto fundamental de la práctica profesional del trabajo social. Una práctica apoyada en teorías fundamentales que ayudan a comprender los problemas sociales, a analizarlos y a intervenir en ellos de una manera ordenada, sistemática y orientada al logro de objetivos, estrategias y técnicas que garanticen el éxito profesional. | ||
| 521 | _aAREA PROFESIONAL | ||
| 590 | _aPrograma de Trabajo Social_26 | ||
| 650 |
_aTrabajo social _92560 |
||
| 942 |
_cBK _h361.3 _iH557t _2ddc _03 _n0 |
||
| 999 |
_c30610 _d30610 |
||